000 00533nam a2200181 a 4500
001 000037216
005 20200930080221.0
008 120307s1937 sp 000 0 spa d
040 _aDO-SdBNP
_bspa
_cBNPHU
082 _axxxx
_bxxxx
100 1 _aEnglis, Karel
_963632
245 1 0 _aIntroducción a la ciencia financiera /
_cKarel Englis.
260 _aBarcelona, :
_bLabor,
_c1937.
300 _a339 p. ;
_c19 cm.
490 1 _aLabor
504 _aIncluye referencias bibliográficas al pie de las páginas
830 0 _aLabor
_95274
999 _c36706
_d36706